Statistics for The Office (U.S) Last Names Quiz

Click here to take the quiz!

General Stats

  • This quiz has been taken 20 times
  • The average score is 12 of 15

Answer Stats

HintAnswer% Correct
DwightSchrute
100%
MichaelScott
100%
PamBeesly
93%
JimHalpert
93%
KellyKapoor
87%
KevinMalone
87%
AngelaMartin
87%
CreedBratton
80%
RyanHoward
80%
OscarMartinez
80%
AndyBernard
73%
ErinHannon
73%
StanleyHudson
73%
TobyFlenderson
67%
PhyllisLapin
67%

Score Distribution

Percentile by Number Answered

Percent of People with Each Score

Your Score History

You have not taken this quiz